[Event "Crawley e2e4 Gatwick op U1650"]
[Site "Crawley"]
[Date "2016.05.29"]
[Round "4"]
[White "Goldsmith, Jennifer"]
[Black "Aanya, Agarwal"]
[Result "0-1"]
[WhiteElo "1448"]
[BlackElo "1517"]
[PlyCount "138"]
[EventDate "2016.05.27"]
[EventType "swiss"]
[EventRounds "7"]
[EventCountry "ENG"]
[SourceTitle "EXT 2019"]
[Source "ChessBase"]
[SourceDate "2018.10.10"]
[SourceVersion "1"]
[SourceVersionDate "2018.10.10"]
[SourceQuality "1"]

1. d4 d5 2. Nf3 Nf6 3. Bf4 c5 4. e3 Nc6 5. c3 e6 6. Nbd2 Be7 7. h3 0-0 8. Bd3 c4 9. Bc2 b5 10. a3 a5 11. 0-0 Ba6 12. Re1 b4 13. Ba4 Qb6 14. axb4 axb4 15. Bc2 Nd7 16. Ba4 Bb5 17. Bxb5 Qxb5 18. e4 dxe4 19. Nxe4 Nf6 20. Ned2 Nd5 21. Be3 bxc3 22. bxc3 Nxc3 23. Qc2 Bb4 24. Kh1 Rfe8 25. Rec1 Ra5 26. Rxa5 Nxa5 27. Qb2 Nd5 28. Ne5 c3 29. Qb1 cxd2 30. Bxd2 Rb8 31. Qc2 Bxd2 32. Qc8+ Qe8 33. Qxe8+ Rxe8 34. Rc2 Bf4 35. Nd3 Rb8 36. g3 Bd6 37. Ra2 Nb4 38. Nxb4 Bxb4 39. Kg2 Kf8 40. Kf3 Ke7 41. Ke4 Kd6 42. Rb2 f5+ 43. Kd3 Kd5 44. f4 Bd6 45. Ra2 Nc4 46. Rc2 Rb3+ 47. Rc3 Rxc3+ 48. Kxc3 h5 49. h4 Ne3 50. Kd3 Nf1 51. Kc3 Nxg3 52. Kd3 Bxf4 53. Kc3 e5 54. dxe5 Bxe5+ 55. Kd3 f4 56. Kd2 f3 57. Ke3 Nf5+ 58. Kxf3 Nxh4+ 59. Kf2 Bd4+ 60. Kg3 g5 61. Kh2 Ke4 62. Kh1 Kf3 63. Kh2 g4 64. Kh1 Be5 65. Kg1 g3 66. Kh1 g2+ 67. Kg1 Bd4+ 68. Kh2 g1Q+ 69. Kh3 Qg3# 0-1

[Event "Crawley e2e4 Gatwick op U1650"]
[Site "Crawley"]
[Date "2016.05.28"]
[Round "2"]
[White "Aanya, Agarwal"]
[Black "Moir, Donald"]
[Result "1/2-1/2"]
[WhiteElo "1517"]
[BlackElo "1191"]
[PlyCount "60"]
[EventDate "2016.05.27"]
[EventType "swiss"]
[EventRounds "7"]
[EventCountry "ENG"]
[SourceTitle "EXT 2019"]
[Source "ChessBase"]
[SourceDate "2018.10.10"]
[SourceVersion "1"]
[SourceVersionDate "2018.10.10"]
[SourceQuality "1"]

1. d4 e6 2. c4 f5 3. Nf3 Nf6 4. Nc3 d5 5. cxd5 exd5 6. Bg5 c6 7. e3 Bd6 8. Bd3 h6 9. Bh4 0-0 10. Ne5 Qe8 11. f4 Be6 12. 0-0 Ne4 13. Nxe4 dxe4 14. Be2 g6 15. g4 Nd7 16. gxf5 Bxf5 17. Bg4 Kh7 18. Rf2 Qe6 19. Rg2 Be7 20. Nxg6 Bxh4 21. Nxh4 Bxg4 22. Qxg4 Qxg4 23. Rxg4 Nf6 24. Rg2 Nd5 25. Kf2 Rg8 26. Rag1 Rxg2+ 27. Rxg2 Rf8 28. Ng6 Rg8 29. Ne5 Rxg2+ 30. Kxg2 Nxe3+ 1/2-1/2

[Event "Crawley e2e4 Gatwick op U1650"]
[Site "Crawley"]
[Date "2016.05.27"]
[Round "1"]
[White "Verma, Shlok"]
[Black "Aanya, Agarwal"]
[Result "1-0"]
[WhiteElo "1208"]
[BlackElo "1517"]
[PlyCount "73"]
[EventDate "2016.05.27"]
[EventType "swiss"]
[EventRounds "7"]
[EventCountry "ENG"]
[SourceTitle "EXT 2019"]
[Source "ChessBase"]
[SourceDate "2018.10.10"]
[SourceVersion "1"]
[SourceVersionDate "2018.10.10"]
[SourceQuality "1"]

1. d4 d5 2. Nf3 Nf6 3. Bf4 Bf5 4. e3 e6 5. c4 c6 6. Nc3 Nbd7 7. Qb3 Qb6 8. Qxb6 axb6 9. cxd5 exd5 10. Be2 Nh5 11. Bg5 f6 12. Bh4 g5 13. Bg3 Nxg3 14. fxg3 Bd6 15. 0-0 0-0 16. Nd2 Bg6 17. e4 Bb4 18. exd5 Bxc3 19. bxc3 cxd5 20. Bf3 Bf7 21. Bg4 Nb8 22. Rxf6 h5 23. Be6 Kg7 24. Rxf7+ Rxf7 25. Bxf7 Kxf7 26. Nf3 Ra3 27. Nxg5+ Kg6 28. Ne6 Rxc3 29. Nf4+ Kg5 30. Rd1 Rc2 31. Nxd5 Rxa2 32. Nxb6 Ra6 33. Nc4 Rc6 34. Ne5 Re6 35. Rb1 Nc6 36. Nf3+ Kg6 37. d5 1-0

[Event "Mumbai Wealth op"]
[Site "Mumbai"]
[Date "2016.02.03"]
[Round "7"]
[White "Khandelwal, Khushi"]
[Black "Aanya, Agarwal"]
[Result "1/2-1/2"]
[WhiteElo "1684"]
[BlackElo "1438"]
[PlyCount "89"]
[EventDate "2016.01.28"]
[EventType "swiss"]
[EventRounds "9"]
[EventCountry "IND"]
[SourceTitle "CBM 170 Extra"]
[Source "ChessBase"]
[SourceDate "2016.02.25"]
[SourceVersion "1"]
[SourceVersionDate "2016.02.25"]
[SourceQuality "1"]

1. e4 e5 2. Nf3 Nf6 3. Bc4 Nxe4 4. Nc3 Nc6 5. Qe2 Nxc3 6. dxc3 f6 7. Nh4 g6 8. f4 f5 9. Nf3 e4 10. 0-0 Bc5+ 11. Kh1 d5 12. Bb3 0-0 13. Ng5 h6 14. Nxe4 fxe4 15. Qxe4 Bf5 16. Bxd5+ Kh7 17. Qf3 Bg4 18. Bg8+ Rxg8 19. Qxg4 Qf6 20. Bd2 Qf5 21. Qxf5 gxf5 22. b4 Bb6 23. c4 Bd4 24. Rad1 Rad8 25. b5 Ne7 26. Bb4 Ng6 27. g3 Bf6 28. Rd3 Rxd3 29. cxd3 Re8 30. Rf2 Bd4 31. Rd2 Kg7 32. Kg2 Nf8 33. h3 Ne6 34. Kf3 Nc5 35. Bxc5 Bxc5 36. d4 Rd8 37. Ke3 Re8+ 38. Kf3 Rd8 39. Ke3 Re8+ 40. Kf3 Be7 41. Re2 Kf6 42. d5 h5 43. Re6+ Kg7 44. Re5 Kf6 45. Re6+ 1/2-1/2

[Event "Mumbai Wealth op U13"]
[Site "Mumbai"]
[Date "2016.02.01"]
[Round "5"]
[White "Aanya, Agarwal"]
[Black "Mrudul, Dehankar"]
[Result "1-0"]
[WhiteElo "1438"]
[BlackElo "1731"]
[PlyCount "109"]
[EventDate "2016.01.28"]
[EventType "swiss"]
[EventRounds "9"]
[EventCountry "IND"]
[SourceTitle "CBM 170 Extra"]
[Source "ChessBase"]
[SourceDate "2016.02.25"]
[SourceVersion "1"]
[SourceVersionDate "2016.02.25"]
[SourceQuality "1"]

1. d4 Nf6 2. c4 g6 3. Nc3 d5 4. Qb3 dxc4 5. Qxc4 Bg7 6. e4 c6 7. Nf3 b5 8. Qd3 Bg4 9. Ne5 Bc8 10. Be2 b4 11. Qc4 0-0 12. Qxb4 a5 13. Qa4 Qb6 14. 0-0 Rd8 15. Rd1 Qb4 16. Qb3 Be6 17. Bc4 Ng4 18. Bxe6 Nxe5 19. Qxb4 axb4 20. dxe5 Rxd1+ 21. Nxd1 fxe6 22. f4 Nd7 23. Bd2 c5 24. a4 Bh6 25. Be3 c4 26. a5 Nb8 27. h4 Na6 28. g4 Rc8 29. g5 Bg7 30. Rc1 Kf7 31. Bb6 Ke8 32. Ne3 c3 33. bxc3 Rxc3 34. Rxc3 bxc3 35. Bd4 Kd7 36. Bxc3 Nc5 37. Bd4 Nxe4 38. a6 Kc7 39. a7 Kb7 40. Nc4 Ng3 41. Kg2 Nf5 42. Bf2 Bf8 43. Nb6 Nxh4+ 44. Kh3 Kxa7 45. Kxh4 Kb7 46. Nd7 Bg7 47. Nc5+ Kc6 48. Nxe6 Bh8 49. Nf8 Kd5 50. Nxh7 Bg7 51. Bb6 Ke6 52. Bc5 Kf7 53. Kg4 Kg8 54. Bxe7 Kxh7 55. e6 1-0

[Event "Mumbai Wealth op"]
[Site "Mumbai"]
[Date "2016.01.31"]
[Round "4"]
[White "Aanya, Agarwal"]
[Black "Tanishka, Kotia"]
[Result "1-0"]
[WhiteElo "1438"]
[BlackElo "1650"]
[PlyCount "143"]
[EventDate "2016.01.28"]
[EventType "swiss"]
[EventRounds "9"]
[EventCountry "IND"]
[SourceTitle "CBM 170 Extra"]
[Source "ChessBase"]
[SourceDate "2016.02.25"]
[SourceVersion "1"]
[SourceVersionDate "2016.02.25"]
[SourceQuality "1"]

1. d4 d5 2. c4 e6 3. Nc3 Nf6 4. cxd5 exd5 5. Bg5 Nbd7 6. e3 c6 7. Bd3 Be7 8. Nge2 0-0 9. 0-0 Re8 10. Qc2 h6 11. Bh4 a6 12. f3 b5 13. Kh1 Qb6 14. e4 dxe4 15. fxe4 Nf8 16. d5 cxd5 17. Bxf6 Bxf6 18. Nxd5 Qd8 19. Nc7 Ra7 20. Nxe8 Qxe8 21. Ng3 Bd7 22. Nf5 Be5 23. Qf2 Rc7 24. Rac1 Rb7 25. Rc5 Bc7 26. Rxc7 Rxc7 27. Qg3 Bxf5 28. Qxc7 Ne6 29. Qg3 Bg6 30. e5 Bxd3 31. Qxd3 Qc6 32. Qf3 Qc7 33. Qd5 Qa7 34. Rc1 Qe3 35. Rf1 Ng5 36. h4 Ne6 37. Qd7 Qxe5 38. Qxf7+ Kh8 39. Rc1 Kh7 40. Qf2 Nd4 41. Re1 Qc5 42. Rd1 Ne6 43. Qxc5 Nxc5 44. b4 Ne4 45. Rd4 Ng3+ 46. Kh2 Nf5 47. Rd3 h5 48. Ra3 Nd4 49. Rxa6 Nc2 50. Ra5 Nxb4 51. Rxb5 Nxa2 52. Rxh5+ Kg6 53. Rc5 Nb4 54. g4 Nd3 55. Rc6+ Kh7 56. Kg3 Ne5 57. Re6 Nf7 58. Kf4 Nd8 59. Rd6 Nb7 60. Rb6 Nc5 61. Kf5 Nd7 62. Rd6 Nf8 63. Kg5 Kg8 64. Rd8 Kf7 65. Rxf8+ Kxf8 66. Kg6 Kg8 67. h5 Kh8 68. h6 Kg8 69. g5 gxh6 70. Kxh6 Kh8 71. g6 Kg8 72. g7 1-0

[Event "Mumbai Wealth op"]
[Site "Mumbai"]
[Date "2016.01.30"]
[Round "3"]
[White "More, Mayuri"]
[Black "Aanya, Agarwal"]
[Result "0-1"]
[WhiteElo "1578"]
[BlackElo "1438"]
[PlyCount "54"]
[EventDate "2016.01.28"]
[EventType "swiss"]
[EventRounds "9"]
[EventCountry "IND"]
[SourceTitle "CBM 170 Extra"]
[Source "ChessBase"]
[SourceDate "2016.02.25"]
[SourceVersion "1"]
[SourceVersionDate "2016.02.25"]
[SourceQuality "1"]

1. d3 d5 2. e4 dxe4 3. dxe4 Qxd1+ 4. Kxd1 Nf6 5. Nc3 e5 6. h4 Bb4 7. Nb5 Nxe4 8. Be3 Na6 9. f3 Ng3 10. c3 Bd6 11. f4 Nxh1 12. fxe5 Bxe5 13. Nf3 Bg4 14. Kc2 Bf5+ 15. Kb3 Bf6 16. a4 Ng3 17. Bc4 0-0 18. Bf4 Ne4 19. Ka3 Be7+ 20. b4 c5 21. Kb3 cxb4 22. cxb4 Nxb4 23. Ne5 Nc5+ 24. Kxb4 Nd3+ 25. Kb3 Nxf4 26. g4 Be6 27. Nc7 Rac8 0-1

[Event "Mumbai Wealth op"]
[Site "Mumbai"]
[Date "2016.01.29"]
[Round "2"]
[White "Aanya, Agarwal"]
[Black "Dushyant, Sharma"]
[Result "0-1"]
[WhiteElo "1438"]
[BlackElo "1732"]
[PlyCount "94"]
[EventDate "2016.01.28"]
[EventType "swiss"]
[EventRounds "9"]
[EventCountry "IND"]
[SourceTitle "CBM 170 Extra"]
[Source "ChessBase"]
[SourceDate "2016.02.25"]
[SourceVersion "1"]
[SourceVersionDate "2016.02.25"]
[SourceQuality "1"]

1. d4 d5 2. c4 e6 3. Nc3 Be7 4. Qc2 dxc4 5. e3 Nf6 6. Bxc4 b6 7. Bb5+ c6 8. Be2 0-0 9. Bf3 Bb7 10. Nge2 Qd7 11. 0-0 c5 12. Ne4 Na6 13. Bd2 Rac8 14. Nxf6+ Bxf6 15. Bxb7 Qxb7 16. dxc5 Nxc5 17. Rfd1 b5 18. Bb4 Na6 19. Qb3 Nxb4 20. Qxb4 Rc4 21. Qd2 Rg4 22. Ng3 h5 23. Qe2 g6 24. Rac1 Rg5 25. b3 Bg7 26. f4 Rd5 27. Qf3 Rxd1+ 28. Rxd1 Qxf3 29. gxf3 Rc8 30. Rd2 Bf8 31. Ne4 Bb4 32. Re2 Kg7 33. Kf2 Rc1 34. Nd2 f5 35. e4 Rc2 36. Nf1 Bc5+ 37. Ne3 Rc3 38. e5 Kf7 39. h3 Ke7 40. h4 Kd7 41. Re1 Kc6 42. Re2 Kb6 43. Re1 Ka5 44. Re2 Kb4 45. Re1 Ka3 46. Re2 Rxe3 47. Rxe3 Kxa2 0-1

[Event "Mumbai Wealth op"]
[Site "Mumbai"]
[Date "2016.01.28"]
[Round "1"]
[White "Shelke, Sankarsha"]
[Black "Aanya, Agarwal"]
[Result "1-0"]
[WhiteElo "2032"]
[BlackElo "1438"]
[PlyCount "59"]
[EventDate "2016.01.28"]
[EventType "swiss"]
[EventRounds "9"]
[EventCountry "IND"]
[SourceTitle "CBM 170 Extra"]
[Source "ChessBase"]
[SourceDate "2016.02.25"]
[SourceVersion "1"]
[SourceVersionDate "2016.02.25"]
[SourceQuality "1"]

1. e4 e5 2. Nf3 Nf6 3. Nxe5 d6 4. Nf3 Nxe4 5. d4 d5 6. Bd3 Nc6 7. 0-0 Be7 8. c4 Nb4 9. Be2 0-0 10. Nc3 Bf5 11. a3 Nxc3 12. bxc3 Nc6 13. Bf4 Rc8 14. Nd2 dxc4 15. Nxc4 Bg5 16. Bg3 Ne7 17. Ne3 Be6 18. f4 Bf6 19. f5 Bg5 20. fxe6 Bxe3+ 21. Kh1 fxe6 22. Qb3 Kh8 23. Qxe6 Bd2 24. Bh4 Re8 25. Bg4 Rb8 26. Rf7 Bxc3 27. Raf1 Ng8 28. Bxd8 Rxe6 29. Bxe6 Rxd8 30. Rf8 1-0